Movies Quiz

Random Movies or Actor Quiz

Actors Kill Actors Quiz Stats

Quiz Updated Feb 10, 2012

Challenge
Share
Tweet
Embed
Score 0/20 Timer 05:00
0 Plays Today
Killer Movie % Correct
Bruce WillisPulp Fiction
62.6%
Leonardo DiCaprioGangs of New York
59%
Adam SandlerHappy Gilmore
45.9%
Matt DamonThe Talented Mr. Ripley
42.3%
Jamie FoxxCollateral
41.5%
Chris CooperAmerican Beauty
37.2%
Pierce BrosnanGoldenEye
36.1%
Clint EastwoodUnforgiven
34.2%
Viggo MortensenA History of Violence
31.7%
Arnold SchwarzeneggerTotal Recall
30.6%
Killer Movie % Correct
George ClooneyBurn After Reading
30%
Bridget FondaSingle White Female
28.5%
Angelina JolieWanted
27.9%
Jude LawRoad to Perdition
27.8%
Mandy PatinkinThe Princess Bride
27%
Michelle PfeifferBatman Returns
26.2%
Emilio EstevezYoung Guns
21.2%
Christian SlaterTrue Romance
16.7%
Robert DuvallFalling Down
8.7%
Denzel WashingtonVirtuosity
8.1%

You're not logged in!

Compare scores with friends on all Sporcle quizzes.
Join for Free
OR
Log In

You Might Also Like...

Show Comments

Extras

Top Quizzes Today


Score Distribution

Your Account Isn't Verified!

In order to create a playlist on Sporcle, you need to verify the email address you used during registration. Go to your Sporcle Settings to finish the process.

Report this User

Report this user for behavior that violates our Community Guidelines.

Details: